[Event "Villa Martelli ProAm op 31st"]
[Site "Villa Martelli"]
[Date "2024.10.22"]
[Round "4"]
[White "Deichmann, Esteban Horacio"]
[Black "Gibson, Tomas"]
[Result "1/2-1/2"]
[WhiteElo "1975"]
[BlackElo "2215"]
[PlyCount "68"]
[EventDate "2024.10.19"]
[EventType "swiss"]
[EventRounds "9"]
[EventCountry "ARG"]
[SourceTitle "CB44_2024"]
[Source "Chessbase"]
[SourceDate "2024.10.30"]
[SourceVersion "1"]
[SourceVersionDate "2024.10.30"]
[SourceQuality "1"]

1. e4 e5 2. Nf3 Nf6 3. Nxe5 d6 4. Nf3 Nxe4 5. Nc3 Nf6 6. d4 Be7 7. Bd3 0-0 8. h3 Re8 9. Be3 c6 10. Qd2 Na6 11. 0-0 Nb4 12. Rfe1 Nxd3 13. Qxd3 d5 14. Bg5 h6 15. Bh4 Be6 16. Rxe6 fxe6 17. Ne5 Nd7 18. Bg3 Nxe5 19. dxe5 Bh4 20. Ne2 Bxg3 21. Qxg3 Qg5 22. Qc3 c5 23. f4 Qg6 24. Rf1 Rac8 25. Ng3 d4 26. Qf3 Qxc2 27. f5 exf5 28. Nxf5 Rc7 29. Qd5+ Kh7 30. Nxh6 Qg6 31. Nf7 Rxf7 32. Rxf7 Rxe5 33. Qxe5 Qxf7 34. Qxc5 Qf4 1/2-1/2

[Event "ARG-ch sf 99th"]
[Site "Buenos Aires"]
[Date "2024.06.06"]
[Round "6"]
[White "Lo Presti, Roberto"]
[Black "Deichmann, Esteban Horacio"]
[Result "1/2-1/2"]
[WhiteElo "1884"]
[BlackElo "1998"]
[PlyCount "104"]
[EventDate "2024.06.01"]
[EventType "swiss"]
[EventRounds "9"]
[EventCountry "ARG"]
[SourceTitle "CBM 220 Extra"]
[Source "ChessBase"]
[SourceDate "2024.07.31"]
[SourceVersion "1"]
[SourceVersionDate "2024.07.31"]
[SourceQuality "1"]

1. e4 e6 2. d4 d5 3. Nc3 Nf6 4. e5 Nfd7 5. f4 c5 6. Nf3 Nc6 7. Be3 cxd4 8. Nxd4 Bc5 9. Qd2 a6 10. 0-0-0 Qc7 11. Nb3 Bxe3 12. Qxe3 b5 13. Bd3 Nb6 14. Qg3 g6 15. h4 h5 16. Rhe1 Ne7 17. Ne2 Bd7 18. Nbd4 Nc4 19. Kb1 Qa5 20. Nb3 Qb6 21. Bxc4 Nf5 22. Qg5 bxc4 23. Nbd4 Ne3 24. Rd2 c3 25. Nxc3 Nc4 26. Nb3 Nxd2+ 27. Nxd2 Rb8 28. b3 Qb4 29. Kb2 Rc8 30. Qg3 Qc5 31. Qd3 Bb5 32. Nxb5 axb5 33. Nf3 0-0 34. Nd4 b4 35. Re3 Qa7 36. Nb5 Qd7 37. Qe2 Rc5 38. Nd4 Ra8 39. f5 Qa7 40. a4 Rc3 41. Qd2 Rac8 42. fxg6 fxg6 43. Rd3 Qc7 44. Qe2 Kh7 45. Kb1 Rxd3 46. Qxd3 Qxe5 47. Nf3 Qf5 48. Qd2 Rc3 49. Nd4 Qe4 50. Kb2 Qe5 51. Qf2 Kg7 52. Kb1 Re3 1/2-1/2

[Event "ARG-ch sf 99th"]
[Site "Buenos Aires"]
[Date "2024.06.05"]
[Round "5"]
[White "Deichmann, Esteban Horacio"]
[Black "Toniutti, Ezio"]
[Result "0-1"]
[WhiteElo "1998"]
[BlackElo "2204"]
[PlyCount "46"]
[EventDate "2024.06.01"]
[EventType "swiss"]
[EventRounds "9"]
[EventCountry "ARG"]
[SourceTitle "CBM 220 Extra"]
[Source "ChessBase"]
[SourceDate "2024.07.31"]
[SourceVersion "1"]
[SourceVersionDate "2024.07.31"]
[SourceQuality "1"]

1. b3 e5 2. Bb2 Nc6 3. e3 d5 4. Bb5 Bd6 5. f4 Qh4+ 6. g3 Qe7 7. Nf3 f6 8. fxe5 fxe5 9. Bxc6+ bxc6 10. Nxe5 Nf6 11. Nxc6 Qe4 12. Rg1 0-0 13. Nc3 Qe8 14. Nd4 Bg4 15. Nde2 Ne4 16. d4 Nxc3 17. Bxc3 Qxe3 18. Qd3 Qf2+ 19. Kd2 Rf3 20. Qb5 Qe3+ 21. Kd1 Rf2 22. Qxd5+ Kh8 23. Qxa8+ Rf8 0-1